Zur sozialistischen Theorie und Praxis des Buchwesens in Osteuropa

Bibliographic Details
Main Author: Świerk, Alfred Gerard (Author)
Format: Book
Language:German
PhysicalDescription:VIII, 264 s. 25 cm
Published: Wiesbaden Ludwig Reichert 1981
ISBN:3920153790
Series:Elemente des Buch- und Bibliothekswesens Bd. 6

MARC

LEADER 00000nam a2200000 a 4500
001 vtls001178807
003 SK-MaSNL
005 20260505112531.0
008 250414s1981 DE 0 ger
020 |a 3920153790 
035 |a SNK000121809 
040 |a SNK  |b slo  |c SNK  |e AACR2 
041 0 |a ger 
044 |a DE 
080 |a 02(4-11)"1913/1977"  |2 1981 
100 1 |a Świerk, Alfred Gerard  |4 aut  |9 516891 
245 1 0 |a Zur sozialistischen Theorie und Praxis des Buchwesens in Osteuropa  |c Alfred Gerard Świerk 
260 |a Wiesbaden  |b Ludwig Reichert  |c 1981 
300 |a VIII, 264 s.  |c 25 cm 
490 0 |a Elemente des Buch- und Bibliothekswesens  |v Bd. 6 
852 |a Slovenská národná knižnica 
919 |a 3-920153-79-0 
954 |a Európa východná  |a knihovníctvo socialistické 
958 |a OND 
999 |c 796142  |d 798072 
952 |t P60, <04>, [BOOK], {604}  |a SNK  |b SNK  |y VYP  |7 0  |p 17A0148133  |o snkIC 124935  |0 0  |1 0  |4 0  |d 1998-07-08  |l 0  |r 2005-01-01 00:00:00  |w 2026-02-24